فقه الأسره و أثرها في السلام البيتي في الإسلام : (رقم التسجيلة. 2002)

تفاصيل مارك
000 -LEADER
fixed length control field 00650nam a22002057a 4500
005 - DATE AND TIME OF LATEST TRANSACTION
control field 20251108164033.0
008 - FIXED-LENGTH DATA ELEMENTS--GENERAL INFORMATION
fixed length control field 250721s1998 xx 000 0 ara d
082 14 - DEWEY DECIMAL CLASSIFICATION NUMBER
Classification number 216,52/قطا
100 1# - MAIN ENTRY--PERSONAL NAME
Personal name القطارنة، علي مفلح
245 10 - TITLE STATEMENT
Title فقه الأسره و أثرها في السلام البيتي في الإسلام :
Remainder of title المرأه و الزواج /
264 1# - PRODUCTION, PUBLICATION, DISTRIBUTION, MANUFACTURE, AND COPYRIGHT NOTICE
Place of production, publication, distribution, manufacture عمان :
Date of production, publication, distribution, manufacture, or copyright notice 1998.
300 ## - PHYSICAL DESCRIPTION
Extent 414ص.
490 0# - SERIES STATEMENT
Series statement دراسات إسلامية فقه مقارن
650 17 - SUBJECT ADDED ENTRY--TOPICAL TERM
Topical term or geographic name as entry element الإسلام
650 17 - SUBJECT ADDED ENTRY--TOPICAL TERM
Topical term or geographic name as entry element الفقه الإسلامي
650 17 - SUBJECT ADDED ENTRY--TOPICAL TERM
Topical term or geographic name as entry element الزواج
650 17 - SUBJECT ADDED ENTRY--TOPICAL TERM
Topical term or geographic name as entry element الأسرة
942 ## - ADDED ENTRY ELEMENTS (KOHA)
Source of classification or shelving scheme Dewey Decimal Classification
Koha item type كتب
المقتنيات
حالة السحب حالة الفقدان مصدر التصنيف حالة التلف غير قابل للإعارة المكتبة الرئيسية المكتبة الحالية موقع الرف تاريخ التزويد الرقم المتسلسل Total Checkouts رقم الإستدعاء تاريخ آخر ظهور تاريخ الفاتورة نوع المادة (كوها) الباركود
    Dewey Decimal Classification     مكتبة الأميرة ايمان العامة مكتبة الأميرة ايمان العامة الإعارة 28/07/2025 511986   216,52/قطا 28/07/2025 28/07/2025 كتب 511986
    Dewey Decimal Classification     مكتبة الجويدة مكتبة الجويدة الإعارة 28/07/2025 511990   216,52/قطا 28/07/2025 28/07/2025 كتب 511990
    Dewey Decimal Classification Unchecked   مكتبة الحسن العامة مكتبة الحسن العامة الإعارة 06/07/2004 11746   216,52/قطا 28/07/2025 06/07/2004 كتب  
    Dewey Decimal Classification     مكتبة صويلح العامة مكتبة صويلح العامة الإعارة 09/11/2015 [14376   216,52/قطا 28/07/2025 09/11/2015 كتب PLD00363213
Implemented & Customized by: BBB with SCIT (Smart Chains for Information Technology)

Powered by Koha